judicial

Distribución de recursos estatales: lamentos, tribulaciones y ocaso de un sistema injusto (Registro nro. 3352)

Detalles MARC
000 -LEADER
fixed length control field 008680000a22002890004500
001 - CONTROL NUMBER
control field old003360
003 - CONTROL NUMBER IDENTIFIER
control field AR-NuBCU
008 - FIXED-LENGTH DATA ELEMENTS--GENERAL INFORMATION
fixed length control field 070307s2005||||########|####|0||0||es#u
020 ## - INTERNATIONAL STANDARD BOOK NUMBER
International Standard Book Number 987-1087-57-8
082 ## - DEWEY DECIMAL CLASSIFICATION NUMBER
Classification number 352 P 138
100 1# - MAIN ENTRY--PERSONAL NAME
Personal name Paglietta, Darío Omar
245 ## - TITLE STATEMENT
Title Distribución de recursos estatales: lamentos, tribulaciones y ocaso de un sistema injusto
260 ## - PUBLICATION, DISTRIBUTION, ETC.
Place of publication, distribution, etc. Rosario :
Name of publisher, distributor, etc. Nova Tesis,
Date of publication, distribution, etc. 2005
300 ## - PHYSICAL DESCRIPTION
Extent 287 p.
Other physical details 23 cm
500 ## - GENERAL NOTE
General note INVENTARIO N° 004333
500 ## - GENERAL NOTE
General note 4333 INVENTARIO
653 ## - INDEX TERM--UNCONTROLLED
Uncontrolled term DERECHO MUNICIPAL
653 ## - INDEX TERM--UNCONTROLLED
Uncontrolled term RECURSOS PUBLICOS-ARGENTINA
653 ## - INDEX TERM--UNCONTROLLED
Uncontrolled term ARGENTINA-RECURSOS PUBLICOS
653 ## - INDEX TERM--UNCONTROLLED
Uncontrolled term AUTONOMIA MUNICIPAL
653 ## - INDEX TERM--UNCONTROLLED
Uncontrolled term MUNICIPIOIS
653 ## - INDEX TERM--UNCONTROLLED
Uncontrolled term FONDOS REGIONALES
653 ## - INDEX TERM--UNCONTROLLED
Uncontrolled term JUSTICIA INTER MUNICIPAL
653 ## - INDEX TERM--UNCONTROLLED
Uncontrolled term PAGO DE TRIBUTOS-EVASION
653 ## - INDEX TERM--UNCONTROLLED
Uncontrolled term EVASION-PAGOS DE TRIBUTOS
942 ## - ADDED ENTRY ELEMENTS (KOHA)
Source of classification or shelving scheme Dewey Decimal Classification
Koha item type Book

No hay ítems disponibles.

-->
  •  poder judicial

    Con tecnología Koha